Ταξινόμηση ισομετριών στον υπερβολικό χώρο : πτυχιακή εργασία

Η παρούσα διπλωματική ταξινομεί τις ισομετρίες στον υπερβολικό χώρο, ορίζονται οι Mobius μετασχηματισμοί, καθώς και η γεωμετρία των μετασχηματισμών Mobius. Ορίζεται το υπερβολικό επίπεδο και η απόσταση μέσα σε αυτό. Οι ισομετρίες ,όπου αποτελούν το προτελευταίο κεφάλαιο, είναι η παράλληλη μετατόπιση...

Πλήρης περιγραφή

Αποθηκεύτηκε σε:
Λεπτομέρειες βιβλιογραφικής εγγραφής
Κύριος συγγραφέας: Μαρδάνη, Ιωάννα Μ.
Συγγραφή απο Οργανισμό/Αρχή: Πανεπιστήμιο Αιγαίου. Σχολή Θετικών Επιστημών. Τμήμα Μαθηματικών
Μορφή: Thesis Βιβλίο
Γλώσσα:Greek
Δημοσίευση: 2011.
Θέματα:
Διαθέσιμο Online:http://hdl.handle.net/11610/8001
Ετικέτες: Προσθήκη ετικέτας
Δεν υπάρχουν, Καταχωρήστε ετικέτα πρώτοι!

MARC

LEADER 00000cam a2200000 i 4500
001 1/17112
008 111214s2011 gr | ||| |||| ||gre||
035 |l 10111596 
040 |a GR-MyUA  |b gre  |e AACR2 
041 0 |a gre 
082 0 |a 516.9  |2 (22) 
100 1 |a Μαρδάνη, Ιωάννα Μ. 
245 1 0 |a Ταξινόμηση ισομετριών στον υπερβολικό χώρο :   |b πτυχιακή εργασία /   |c Ιωάννα Ν. Μαρδάνη ; επιβλέπων καθηγητής Γεώργιος Τσαπόγας.  
260 |c 2011.  
300 |a 41 σ. :   |b σχέδια ;   |c 30 εκ.  
500 |a Μέλη της εξεταστικής επιτροπής: Τσαπόγας Γεώργιος, Μεταφτσής Βασίλειος, Πρασίδης Ευστράτιος.  
502 |a Πτυχιακή εργασία – Πανεπιστήμιο Αιγαίου, Σάμος, 2011.  
504 |a Βιβλιογραφία: σ. 41.  
506 0 |a Διάθεση πλήρους κειμένου - Ελεύθερη πρόσβαση.  
520 |a Η παρούσα διπλωματική ταξινομεί τις ισομετρίες στον υπερβολικό χώρο, ορίζονται οι Mobius μετασχηματισμοί, καθώς και η γεωμετρία των μετασχηματισμών Mobius. Ορίζεται το υπερβολικό επίπεδο και η απόσταση μέσα σε αυτό. Οι ισομετρίες ,όπου αποτελούν το προτελευταίο κεφάλαιο, είναι η παράλληλη μετατόπιση, η διαστολή, η ανάκλαση και η περιστροφή. Στο τελευταίο κεφάλαιο γίνεται η ταξινόμηση των ισομετριών.  
540 |a Κλειδωμένη η δυνατότητα αντιγραφής (copy) του κειμένου.  
610 2 0 |a University of the Aegean  |x Dissertations. 
650 0 0 |a Geometry, Hyperbolic. 
650 0 0 |a Isometrics (Mathematics) 
650 0 0 |a Dissertations, Academic  |z Greece. 
700 1 |a Τσαπόγας, Γεώργιος,  |e dgs 
710 2 |a Πανεπιστήμιο Αιγαίου.   |b Σχολή Θετικών Επιστημών.   |b Τμήμα Μαθηματικών. 
852 |a INST  |b SAMOS  |c DIATR  |e 20111214  |h 516.9 ΜΑΡ  |p 005300034120  |q 005300034120  |t DIE  |y 23 
852 |a INST  |b SAMOS  |c DIATR  |e 20111214  |h 516.9 ΜΑΡ  |p 005300034121  |q 005300034121  |t DIE  |y 23 
856 |u http://hdl.handle.net/11610/8001 
901 |a BIBL3-2011-3 
909 |a Σ  |b 171805 
909 |a Σ  |b 171806 
924 |a ΜΑΡΔΑΝΗ  |b ΙΩΑΝΝΑ  |y Σάμος  |z 2011-11 
970 |a ΚΟΣΙΕΡΗΣ  |b ΧΡΗΣΤΟΣ  |z 2011/12/14